000 02429nam0a2200433 4500
001 RU\NLR\bibl\1068429
005 20260407082747.0
010 _a5-02-033999-7
_91000
021 _aRU
_b2007-8939
_9474
035 _a(nilc)RSL-KNO-003044425
035 _a(NLR Aleph) 001055674
090 _a906587
_c906587
100 _a20070301d2006 |||y0rusy50 ca
101 0 _arus
102 _aRU
105 _aa |||||||||
200 1 _aТюркские народы Сибири
_f[Ф.Т-А. Валеев, Н.А. Томилов, Э.Л. Львова и др.]
_gотв. ред.: Д. А. Функ, Н. А. Томилов
_gРоссийская акад. наук, Ин-т этнологии и антропологии им. Н. Н. Миклухо-Маклая, Омский фил. Ин-та археологии и этнографии Сибирского отд-ния
210 _aМосква
_cНаука
_d2006
215 _a677, [1] с., [16] л. цв. ил.
_cил., карты, портр.
_d24
225 1 _aСерия "Народы и культуры"
_fотв. ред.: В.А. Тишков, С.В. Чешко
300 _aАвт. указаны на с. 6
320 _aБиблиогр.: с. 631-671
606 1 _aТюрки
_xИсторико-этнографические исследования
_yСибирь
_92473976
_3RU\NLR\AUTH\661469105
610 0 _aИстория. Исторические науки -- Этнография -- Народы Сибири и Дальнего Востока
610 0 _aтюркоязычные народы
686 _aТ52(251)
686 _aТ3(2Р5)
701 1 _aВалеев
_bФ. Т.-А.
_gФоат Тач-Ахметович
_4070
701 1 _4070
_7ca
_8rus
_aТомилов
_bН. А.
_f1941-
_gНиколай Аркадьевич
_9113910
_3RU\NLR\auth\773921
701 1 _aЛьвова
_bЭ. Л.
_gЭлеонора Львовна
_4070
702 1 _4340
_7ca
_8rus
_aФунк
_bД. А.
_f1962-
_gДмитрий Анатольевич
_9253171
_3RU\NLR\AUTH\770253227
712 0 2 _4570
_aИнститут этнологии и антропологии им. Н. Н. Миклухо-Маклая
_cМосква
_9290397
_3RU\NLR\AUTH\888945
801 0 _aRU
_bРКП
_c20070301
_grcr
801 1 _aRU
_bРГБ
_c20070301
801 2 _aRU
_bNLR
_c20070404
_grcr
942 _cBOOK
980 _aNB